| 000 | 01602cam a22003137i 4500 | ||
|---|---|---|---|
| 999 |
_c14075 _d14075 |
||
| 003 | OSt | ||
| 005 | 20260326165509.0 | ||
| 008 | 180504t20182018nyuab 001 0 eng d | ||
| 020 |
_a9781465468543 _q(hardcover) |
||
| 042 | _alccopycat | ||
| 050 | 0 | 0 |
_aTJ1195 _b.D37 2018 |
| 082 | 0 | 4 |
_a621.908 _223 |
| 100 | 1 |
_aDavy, Phil, _eauthor. |
|
| 245 | 1 | 4 |
_aThe tool book : _ba tool lover's guide to more than 200 hand tools / _cwriters, Phil Davy, Luke Edwardes-Evans, Jo Behari, Matthew Jackson ; foreword by Nick Offerman. |
| 246 | 3 | 8 | _aTool book |
| 250 | _aFirst American edition. | ||
| 300 |
_a256 pages : _bcolor illustrations, color maps ; _c27 cm |
||
| 500 | _aIncludes index. | ||
| 505 | 0 | _aPlan your work area -- Choosing a tool belt -- Choosing a toolbox -- Choosing a toolshed -- The tools for measuring & marking -- The tools for cutting & chopping -- The tools for fixing & fastening -- The tools for striking & breaking -- The tools for digging & groundwork -- The tools for shaping & sharpening -- The tools for finishing & decorating. | |
| 520 | _aA visual guide to hand tools. The writers show you each tool from every angle, and help you visualize how it works. They also provide information on choosing a tool, and how to keep it in the best condition. Own the best, treat them well, and use them effectively. | ||
| 650 | 0 | _aTools. | |
| 650 | 4 | _aTools. | |
| 650 | 7 |
_aTools. _2fast |
|
| 700 | 1 |
_aEdwardes-Evans, Luke, _eauthor. |
|
| 700 | 1 |
_aBehari, Jo, _eauthor. |
|
| 700 | 1 |
_aJackson, Matthew, _eauthor. |
|
| 700 | 1 |
_aOfferman, Nick, _d1970- _ewriter of foreword. |
|
| 942 | _2ddc | ||